000 00441nam a22001697a 4500
003 NUST - PNEC
005 20170116180909.0
008 150902b xxu||||| |||| 00| 0 eng d
020 _a-
040 _cLIBRARY
082 _a620.112 MOO
100 _96915
_aMoore, Herbert F.
245 _aTextbook of the materials of engineering
_cHerbert F. Moore
250 _a8th ed.
650 _96916
_aMechanical engineering
_xME
942 _2ddc
_cBK
999 _c65207
_d65207